| 000 | 00855nab a2200253 u 4500 | ||
|---|---|---|---|
| 001 | 17182 | ||
| 003 | HDC | ||
| 007 | cr bn ---aaaaa | ||
| 008 | 210223c |r|noo 0 a d | ||
| 040 | _aHDC | ||
| 100 |
_aFinaz Daniel, _eauthor _916693 |
||
| 245 | 0 |
_aGood prospect for local products to enter global halal market / _cby Finaz Daniel |
|
| 260 |
_aBrunei : _bBrunei Times PLC, _c2008 |
||
| 336 |
_atext _2rdacontent |
||
| 337 |
_acomputer _2rdamedia |
||
| 338 |
_aonline resource _2rdacarrier |
||
| 650 |
_aGlobal halal market _92232 |
||
| 650 |
_aLocal products _912979 |
||
| 710 | _aThe Brunei Times | ||
| 856 | _zRequest full-text at [email protected] | ||
| 942 | _2lcc | ||
| 942 | _cNEWS | ||
| 942 | _kNWSO 009337 | ||
| 999 |
_c14498 _d14498 |
||